[Event "6th LCT GpA 2012"]
[Site "Leiden NED"]
[Date "2012.07.12"]
[Round "6.19"]
[White "Thakoerdien, Jerrel"]
[Black "Rabus, Berthold"]
[Result "1-0"]
[WhiteElo "2070"]
[BlackElo "2220"]
[WhiteFideId "1037439"]
[BlackFideId "24615170"]
[EventDate "2012.07.06"]

1. d4 d5 2. Nf3 Nf6 3. c4 c6 4. Nc3 e6 5. Bg5 dxc4 6. e4 b5 7. e5 h6 8. Bh4 g5
9. Nxg5 hxg5 10. Bxg5 Nbd7 11. exf6 Bb7 12. g3 c5 13. d5 Qb6 14. Bg2 O-O-O 15.
O-O b4 16. Rb1 Bh6 17. Bxh6 Rxh6 18. b3 bxc3 19. bxc4 Qa6 20. Rxb7 Qxb7 21. dxe6
Qb6 22. Qc1 Rxf6 23. exd7+ Kxd7 24. Qxc3 Ke8 25. Bd5 Kf8 26. Re1 Rb8 27. Qe3 Qd6
28. h4 Rf5 29. Qe4 Qf6 30. Re2 Kg7 31. Kg2 Rh8 32. Qg4+ Kf8 33. Qe4 Kg7 34. Qg4+
Kf8 35. f4 Rg8 36. Re8+ Kxe8 37. Qxg8+ Ke7 38. Qc8 Qb2+ 39. Kh3 Rxd5 40. cxd5
Qf2 41. Qc7+ Kf8 42. Qe5 Qf1+ 43. Kg4 Qd1+ 44. Kg5 Qd3 45. f5 Qd2+ 46. Kh5 Qd1+
47. g4 Qd4 48. Qd6+ Kg8 49. Qd8+ Kh7 50. d6 c4 51. Qf8 Qd5 52. Qh6+ Kg8 53. Qg5+
Kh7 54. d7 1-0

[Event "6th LCT GpA 2012"]
[Site "Leiden NED"]
[Date "2012.07.12"]
[Round "6.20"]
[White "Verstraeten, Reinaert"]
[Black "Cheung, Jan"]
[Result "1-0"]
[WhiteElo "2171"]
[BlackElo "2081"]
[WhiteFideId "223654"]
[BlackFideId "1010735"]
[EventDate "2012.07.06"]

1. e4 c5 2. Nf3 e6 3. d4 cxd4 4. Nxd4 Nf6 5. Nc3 d6 6. Be2 Be7 7. O-O O-O 8. Be3
Nc6 9. f4 a6 10. Qe1 Nxd4 11. Bxd4 b5 12. Rd1 Bb7 13. e5 dxe5 14. fxe5 Nd7 15.
Bf3 Qc7 16. Bxb7 Qxb7 17. Ne4 Rac8 18. c3 Qc6 19. Rf4 Rcd8 20. b4 Qc7 21. Rg4 g6
22. Qg3 a5 23. a3 axb4 24. axb4 Nb6 25. Rf1 Nd5 26. h4 Kh8 27. Nd6 f5 28. Rxg6
hxg6 29. Qxg6 Bxh4 30. Qxe6 Qh7 31. Qxd5 Bg3 32. e6+ Kg8 33. e7+ 1-0

[Event "6th LCT GpA 2012"]
[Site "Leiden NED"]
[Date "2012.07.12"]
[Round "6.21"]
[White "Van der Auweraert, Elwin"]
[Black "Van der Marel, Bert"]
[Result "1-0"]
[WhiteElo "2078"]
[BlackElo "2155"]
[WhiteFideId "1029568"]
[BlackFideId "1005855"]
[EventDate "2012.07.06"]

1. e4 e5 2. Nf3 Nc6 3. Bb5 Nge7 4. O-O g6 5. c3 Bg7 6. d4 O-O 7. Bg5 f6 8. Be3
d6 9. Nbd2 h6 10. d5 Nb8 11. Ne1 f5 12. f4 exf4 13. Bxf4 g5 14. Be3 Nd7 15. Bxd7
Bxd7 16. Bd4 Ng6 17. Bxg7 Kxg7 18. Nef3 f4 19. Nc4 Qf6 20. Qd4 Rfe8 21. Rfe1 Ne5
22. Nfxe5 dxe5 23. Qc5 Rac8 24. Qxa7 b6 25. d6 Qf7 26. Nd2 cxd6 27. Qxb6 Re6 28.
Qf2 g4 29. a4 Rg6 30. g3 h5 31. Kf1 Rf6 32. Ke2 d5 33. Kd1 Rb8 34. b3 dxe4 35.
Rxe4 Rxb3 36. Rxe5 Rxc3 37. Qd4 Rcc6 38. Ne4 fxg3 39. hxg3 Kg8 40. Nxf6+ Qxf6
41. Qd5+ Kf8 42. Ke2 Rc2+ 43. Kd3 Rf2 44. Qc5+ Kf7 45. Qd5+ Kf8 46. Rae1 Qg6+
47. R1e4 Rf3+ 48. Kd4 Qg7 49. Rf4+ Rxf4+ 50. gxf4 g3 51. Qa8+ Kf7 52. Qd8 Kg6
53. Qg5+ 1-0

[Event "6th LCT GpA 2012"]
[Site "Leiden NED"]
[Date "2012.07.12"]
[Round "6.23"]
[White "Algera, Simon"]
[Black "Van Halderen, Herman"]
[Result "0-1"]
[WhiteElo "2113"]
[BlackElo "2062"]
[WhiteFideId "1004859"]
[BlackFideId "1026682"]
[EventDate "2012.07.06"]

1. d4 Nf6 2. Nf3 e6 3. Bg5 c5 4. e3 Be7 5. c3 Nc6 6. Nbd2 h6 7. Bxf6 Bxf6 8.
dxc5 O-O 9. Ne4 Be7 10. b4 b6 11. Nd4 Ne5 12. f4 bxc5 13. bxc5 f5 14. Nd6 Ng4
15. N4xf5 exf5 16. Qd5+ Kh8 17. Qxa8 Bxd6 18. cxd6 Qb6 19. Be2 Re8 20. O-O-O Nf6
21. Bh5 Nxh5 22. Rd4 Nf6 23. Qf3 Qa5 24. Kb2 Ne4 25. Rc1 Ba6 26. Qd1 Nc5 27. Qd2
Rc8 28. Qc2 Nd3+ 29. Rxd3 Qb5+ 30. Ka1 Qxd3 31. Qxd3 Bxd3 32. Rd1 Be4 33. Kb2
Rb8+ 34. Ka3 Bxg2 35. c4 Bc6 36. Rd3 Kh7 37. Rb3 Re8 38. Kb4 g5 39. fxg5 hxg5
40. Ra3 Rb8+ 41. Kc5 Rb7 42. Kd4 Kg6 43. Ke5 Rb4 44. Rc3 a5 45. Kd4 Rb2 46. Ra3
a4 47. h3 Rh2 48. e4 fxe4 49. Ke5 Rd2 50. Rg3 Rd3 51. Rg1 Rxh3 52. Rb1 Rd3 53.
Rf1 Rf3 54. Re1 g4 0-1

[Event "6th LCT GpA 2012"]
[Site "Leiden NED"]
[Date "2012.07.12"]
[Round "6.32"]
[White "Ratsma, Midas"]
[Black "Serdijn, Adinda"]
[Result "0-1"]
[WhiteElo "1944"]
[BlackElo "2040"]
[WhiteFideId "1032283"]
[BlackFideId "1002740"]
[EventDate "2012.07.06"]

1. d4 d5 2. c4 e6 3. Nf3 Nf6 4. Nc3 Be7 5. Bg5 O-O 6. e3 Re8 7. Bd3 dxc4 8. Bxc4
a6 9. a4 Nbd7 10. O-O h6 11. Bh4 c5 12. Qe2 cxd4 13. exd4 Nb6 14. Bd3 Nbd5 15.
Bg3 Nh5 16. Nxd5 exd5 17. Rae1 Nxg3 18. fxg3 Be6 19. Bb1 Bb4 20. Rd1 Bf5 21. Qf2
Bxb1 22. Rxb1 f6 23. Ne1 Qa5 24. b3 Bd2 25. b4 Bxb4 26. Nc2 Bf8 27. Rxb7 Qxa4
28. Rfb1 Qc4 29. Ne1 Re2 30. Qf4 Rae8 31. Nf3 Qa2 32. Nh4 Re1+ 0-1

[Event "6th LCT GpA 2012"]
[Site "Leiden NED"]
[Date "2012.07.12"]
[Round "6.37"]
[White "De Bruijne, Arian"]
[Black "Oosthout, Wouter"]
[Result "1-0"]
[WhiteElo "1934"]
[BlackElo "1975"]
[WhiteFideId "1039946"]
[BlackFideId "1019694"]
[EventDate "2012.07.06"]

1. e4 e5 2. Nf3 Nf6 3. Bc4 Nc6 4. d4 exd4 5. O-O Be7 6. e5 Ne4 7. Re1 d5 8. Bb5
O-O 9. Bxc6 bxc6 10. Nxd4 Qd7 11. c3 Nc5 12. Nd2 Ne6 13. N2b3 Re8 14. f4 Bf8 15.
Kh1 Nd8 16. Bd2 Rb8 17. Qc2 c5 18. Nf3 Qf5 19. Qxf5 Bxf5 20. Be3 Ne6 21. Rad1 c6
22. Rd2 Be7 23. Rf2 h6 24. Kg1 Rec8 25. h3 Be4 26. Nfd2 Bh4 27. Nxe4 dxe4 28. f5
Bxf2+ 29. Kxf2 c4 30. Nd2 Nf8 31. Nxc4 c5 32. b3 Nd7 33. Bf4 Ra8 34. Rxe4 Rc6
35. g4 g5 36. Bg3 a5 37. a4 Re8 38. Nxa5 Rb6 39. Ke3 Ra8 40. b4 cxb4 41. cxb4
Rc8 42. Kd2 Ra6 43. Rd4 Ra7 44. Kd3 Kf8 45. e6 fxe6 46. fxe6 Nc5+ 47. bxc5 Rxa5
48. Bd6+ Ke8 49. Rc4 Rca8 50. Ke4 Rxa4 51. Rxa4 Rxa4+ 52. Kd5 h5 53. gxh5 Rh4
54. c6 Rxh3 55. c7 Rc3 56. Bc5 1-0

[Event "6th LCT GpA 2012"]
[Site "Leiden NED"]
[Date "2012.07.14"]
[Round "7.2"]
[White "Howell, David W L"]
[Black "Lalith, Babu M.R."]
[Result "1-0"]
[WhiteTitle "GM"]
[BlackTitle "GM"]
[WhiteElo "2620"]
[BlackElo "2529"]
[WhiteFideId "410608"]
[BlackFideId "5024595"]
[EventDate "2012.07.06"]

1. Nf3 Nf6 2. g3 d5 3. Bg2 Nbd7 4. d4 e6 5. O-O b5 6. b3 Bb7 7. Qd3 b4 8. Qb5
Qc8 9. c4 a5 10. cxd5 exd5 11. Ne5 c6 12. Qd3 Bd6 13. Bf4 O-O 14. Rc1 Qe8 15.
Nxd7 Qxd7 16. Bxd6 Qxd6 17. Qc2 Rfe8 18. e3 Ba6 19. Qc5 Qd8 20. Nd2 Bb5 21. a4
bxa3 22. Rxa3 Re7 23. Rca1 Rea7 24. Nb1 h6 25. Nc3 Qd7 26. Nxb5 cxb5 27. Bf1 b4
28. Rxa5 Rxa5 29. Rxa5 Rxa5 30. Qxa5 Qd6 31. Qa8+ Kh7 32. Qb7 Kg8 33. Qc8+ Kh7
34. Qb7 Kg8 35. Qc8+ Kh7 36. Bd3+ g6 37. Kf1 Kg7 38. Ke1 h5 39. Ke2 h4 40. Kd2
hxg3 41. hxg3 Qe7 42. Qb8 Ng4 43. Ke2 Nf6 44. f3 Ne8 45. Kd2 Nc7 46. Qb6 Ne6 47.
Qc6 Qg5 48. f4 Qd8 49. g4 Qc7 50. Qxd5 Qc3+ 51. Ke2 Qb2+ 52. Ke1 Qc3+ 53. Ke2
Qb2+ 54. Kf1 Qc3 55. Qe5+ Kg8 56. Bc4 Qc1+ 57. Kf2 Qh1 58. Be2 Qh4+ 59. Kg2 Qe1
60. Qb5 Nc7 61. Qb8+ Kg7 62. Kf3 Qh1+ 63. Kf2 Qh4+ 64. Kg2 Qe1 65. Bc4 Qd2+ 66.
Kf3 Qd1+ 67. Kf2 Ne6 68. Qxb4 Qxg4 69. Qe7 Qh4+ 70. Qxh4 1-0

[Event "6th LCT GpA 2012"]
[Site "Leiden NED"]
[Date "2012.07.14"]
[Round "7.5"]
[White "Arun Prasad, S."]
[Black "Luch, Michal"]
[Result "1-0"]
[WhiteTitle "GM"]
[BlackTitle "IM"]
[WhiteElo "2518"]
[BlackElo "2426"]
[WhiteFideId "5011167"]
[BlackFideId "1120042"]
[EventDate "2012.07.06"]

1. c4 e6 2. g3 d5 3. Nf3 Nf6 4. Bg2 Be7 5. O-O O-O 6. b3 a5 7. Nc3 c6 8. d4 Ne4
9. Bb2 Nxc3 10. Bxc3 b5 11. Re1 Ba6 12. c5 f5 13. Qd2 Bb7 14. Qe3 Bc8 15. Bd2
Bf6 16. a3 Qe7 17. Ne5 Ra6 18. f4 Nd7 19. Rf1 g6 20. g4 Nxe5 21. fxe5 Bg7 22.
Qg3 a4 23. b4 Kh8 24. h4 h6 25. Rf2 Bd7 26. gxf5 gxf5 27. Kh2 Be8 28. Rg1 Qf7
29. Bf3 Ra7 30. Bf4 Qg8 31. Rfg2 Qh7 32. h5 Rd7 33. Qh4 Kg8 34. Qf6 Rxf6 35.
exf6 1-0

[Event "6th LCT GpA 2012"]
[Site "Leiden NED"]
[Date "2012.07.14"]
[Round "7.8"]
[White "Sundararajan, Kidambi"]
[Black "Zakhartsov, Vladimir"]
[Result "0-1"]
[WhiteTitle "GM"]
[WhiteElo "2459"]
[BlackElo "2271"]
[WhiteFideId "5005370"]
[BlackFideId "4145097"]
[EventDate "2012.07.06"]

1. d4 Nf6 2. Nf3 g6 3. Bg5 Bg7 4. Nbd2 O-O 5. e3 d6 6. c3 Nbd7 7. Bd3 e5 8. O-O
Re8 9. e4 h6 10. Bh4 c6 11. Re1 Qc7 12. Bf1 Nh5 13. a4 Ndf6 14. dxe5 dxe5 15.
Nc4 Bg4 16. Qd6 Qxd6 17. Nxd6 Re7 18. Bc4 Bxf3 19. gxf3 Rd7 20. Rad1 Bf8 21.
Nxf7 Rxf7 22. f4 exf4 23. f3 Kg7 24. Bxf7 Kxf7 25. e5 Bc5+ 26. Bf2 Bxf2+ 27.
Kxf2 Nd5 28. c4 Ne7 29. Rd7 Rb8 30. e6+ Kf6 31. b4 Ng7 32. Re4 g5 33. a5 Ngf5
34. c5 Ne3 35. Ke2 N3d5 36. Kf2 Nc3 37. Rc4 Nb5 38. Re4 b6 39. a6 bxc5 40. Rb7
Rd8 41. Rd7 Rc8 42. bxc5 Nc7 43. Ra4 Nf5 44. e7 Nxe7 45. Rd6+ Kf7 46. Rxh6 Rb8
47. h4 Rb2+ 48. Kg1 Ncd5 49. hxg5 Nf5 50. Rxc6 Ng3 51. Rd6 Rb1+ 52. Kh2 Rh1+ 53.
Kg2 Ne3+ 54. Kf2 Rf1# 0-1

[Event "6th LCT GpA 2012"]
[Site "Leiden NED"]
[Date "2012.07.13"]
[Round "7.9"]
[White "Van Haastert, Edwin"]
[Black "Wilschut, Peter"]
[Result "1-0"]
[WhiteTitle "IM"]
[WhiteElo "2440"]
[BlackElo "2233"]
[WhiteFideId "1003992"]
[BlackFideId "1007165"]
[EventDate "2012.07.06"]

1. e4 e6 2. d4 d5 3. Nc3 Nc6 4. Nf3 Nf6 5. Bg5 dxe4 6. Nxe4 Be7 7. Bxf6 gxf6 8.
Qd2 f5 9. Nc3 Nb4 10. O-O-O O-O 11. h3 Kh8 12. g4 Nd5 13. Nxd5 Qxd5 14. Bg2 Bf6
15. Qh6 Qd8 16. Qh5 Bd7 17. gxf5 exf5 18. h4 Rg8 19. Bh3 f4 20. Bxd7 Qxd7 21.
Ne5 Bxe5 22. Qxe5+ Rg7 23. Rhg1 1-0

[Event "6th LCT GpA 2012"]
[Site "Leiden NED"]
[Date "2012.07.13"]
[Round "7.11"]
[White "Rijnaarts, Sjef"]
[Black "Erwich, Frank"]
[Result "1/2-1/2"]
[WhiteTitle "FM"]
[BlackTitle "FM"]
[WhiteElo "2319"]
[BlackElo "2376"]
[WhiteFideId "1014870"]
[BlackFideId "1007076"]
[EventDate "2012.07.06"]

1. e4 e5 2. Nf3 Nc6 3. Bb5 Nf6 4. O-O Nxe4 5. d4 Be7 6. Qe2 Nd6 7. Bxc6 bxc6 8.
dxe5 Nb7 9. Nd4 O-O 10. Rd1 Bc5 11. b4 Bxd4 12. Rxd4 Qe7 13. Nc3 Nd8 14. Bb2 Ne6
15. Rg4 h5 16. Rg3 h4 17. Rg4 f5 18. exf6 Qxf6 19. Na4 Qf5 20. Nc5 Rf7 21. Nxe6
dxe6 22. Rxh4 Ba6 23. c4 Rd8 24. Re1 Rfd7 25. Bc3 Rd3 26. Qb2 Rd1 27. h3 Rxe1+
28. Bxe1 e5 29. Qe2 Rd4 30. Rxd4 exd4 31. Qe8+ Kh7 32. Qxc6 Qb1 33. Qe8 Bxc4 34.
Qh5+ 1/2-1/2

[Event "6th LCT GpA 2012"]
[Site "Leiden NED"]
[Date "2012.07.13"]
[Round "7.12"]
[White "Von Meijenfeldt, Bart"]
[Black "Pijpers, Arthur"]
[Result "1/2-1/2"]
[WhiteElo "2123"]
[BlackElo "2341"]
[WhiteFideId "1032259"]
[BlackFideId "1019554"]
[EventDate "2012.07.06"]

1. e4 c5 2. Nf3 d6 3. d4 cxd4 4. Nxd4 Nf6 5. Nc3 g6 6. Be3 Bg7 7. f3 Nc6 8. Qd2
O-O 9. Bc4 Bd7 10. O-O-O Rc8 11. Bb3 Ne5 12. Kb1 a6 13. h4 h5 14. g4 hxg4 15. h5
Nxh5 16. Rdg1 Qa5 17. Bh6 Rc5 18. Bxg7 Kxg7 19. f4 Nc4 20. Bxc4 Rxc4 21. f5 Rh8
22. Rxg4 Qb4 23. Qg5 Rxd4 24. Rxh5 Rxh5 25. Qxh5 Bxf5 26. Qxf5 Rd2 27. Qf1 b5
28. Rg1 Qd4 29. Rh1 Qe3 30. a3 e6 31. Qc1 Qf4 32. Qe1 Qf2 33. Qxf2 Rxf2 34. Rd1
g5 35. Rxd6 g4 36. Rd3 f5 37. Rg3 Rf1+ 38. Ka2 Kf6 39. exf5 exf5 40. Rd3 f4 41.
Rd6+ Kg5 42. Rxa6 g3 43. Ra8 f3 44. Ne4+ Kf4 45. Nxg3 Kxg3 46. Kb3 Re1 47. Rg8+
Kf4 48. Rf8+ Ke3 49. Kb4 f2 50. Kxb5 f1=Q+ 51. Rxf1 Rxf1 52. c4 Kd4 53. c5 Rf8
54. b4 Kd5 55. Kb6 Rf6+ 56. Kb7 1/2-1/2

[Event "6th LCT GpA 2012"]
[Site "Leiden NED"]
[Date "2012.07.13"]
[Round "7.13"]
[White "Van Beek, Alexander"]
[Black "Oei, Hway Ik"]
[Result "1-0"]
[WhiteTitle "IM"]
[WhiteElo "2329"]
[BlackElo "2104"]
[WhiteFideId "1007262"]
[BlackFideId "1001035"]
[EventDate "2012.07.06"]

1. e4 c6 2. d4 d5 3. e5 Bf5 4. Nf3 e6 5. Be2 c5 6. Be3 Qb6 7. Nc3 Qxb2 8. Qb1
Qxb1+ 9. Rxb1 c4 10. Rxb7 Na6 11. Nh4 Bb4 12. Kd2 Ne7 13. Rb1 Ba5 14. R1b5 Bd8
15. Rxe7+ Bxe7 16. Nxf5 exf5 17. Nxd5 Bd8 18. Bxc4 O-O 19. Rb7 Nb8 20. Nc7 Bxc7
21. Rxc7 a5 22. e6 fxe6 23. Bxe6+ Kh8 24. d5 Na6 25. Re7 Rfe8 26. Rxe8+ Rxe8 27.
c4 Rf8 28. d6 Nb8 29. c5 Nc6 30. Kc3 f4 31. Bd4 Rb8 32. Bd5 Nb4 33. Bb3 Nc6 34.
Ba4 Nd8 35. c6 Nxc6 36. Bxc6 1-0

[Event "6th LCT GpA 2012"]
[Site "Leiden NED"]
[Date "2012.07.13"]
[Round "7.14"]
[White "Sanders, Isaac B"]
[Black "Ypma, Peter"]
[Result "1/2-1/2"]
[WhiteElo "2100"]
[BlackElo "2175"]
[WhiteFideId "417661"]
[BlackFideId "1027255"]
[EventDate "2012.07.06"]

1. e4 c6 2. d4 d5 3. Nc3 dxe4 4. Nxe4 Nd7 5. Nf3 Ngf6 6. Ng3 e6 7. Be2 Bd6 8. c4
O-O 9. O-O b6 10. Qc2 Qc7 11. Rd1 Bb7 12. b3 c5 13. Bb2 cxd4 14. Nxd4 Be5 15.
Nb5 Qb8 16. Bxe5 Nxe5 17. Qc3 Ng6 18. Bf3 Nh4 19. Bxb7 Qxb7 20. f3 Rad8 21. Nd6
Qb8 22. Nde4 Nxe4 23. Nxe4 Ng6 24. g3 h5 25. f4 Rxd1+ 26. Rxd1 Rd8 27. Rd3 h4
28. Qd2 Rxd3 29. Qxd3 Qc8 30. Qd4 hxg3 31. hxg3 e5 32. fxe5 Qf5 33. Nf2 1/2-1/2

[Event "6th LCT GpA 2012"]
[Site "Leiden NED"]
[Date "2012.07.13"]
[Round "7.17"]
[White "Blom, Vincent"]
[Black "Thakoerdien, Jerrel"]
[Result "1-0"]
[WhiteElo "2119"]
[BlackElo "2070"]
[WhiteFideId "1014358"]
[BlackFideId "1037439"]
[EventDate "2012.07.06"]

1. d4 Nf6 2. c4 c5 3. Nf3 g6 4. g3 Bg7 5. Bg2 O-O 6. O-O cxd4 7. Nxd4 Nc6 8. Nc3
Nxd4 9. Qxd4 d6 10. Qd2 Rb8 11. b3 a6 12. Bb2 b5 13. Nd5 Nxd5 14. Bxg7 Kxg7 15.
cxd5 Bd7 16. h4 h5 17. Qd4+ Kg8 18. Rfc1 Rc8 19. Qa7 Ra8 20. Qb7 a5 21. Rc2 Rb8
22. Qa7 Ra8 23. Qe3 Bf5 24. Rc3 b4 25. Rc4 Rc8 26. Rac1 Rxc4 27. Rxc4 Bd7 28.
Qh6 e5 29. dxe6 Bxe6 30. Rd4 Qe7 31. Be4 Bg4 32. Bd5 Be6 33. Bxe6 Qxe6 34. Qd2
Rd8 35. Rd5 Qe4 36. Rxa5 Rc8 37. f3 Qb1+ 38. Kg2 Rc1 39. Ra8+ Kh7 40. Qd4 f6 1-0

[Event "6th LCT GpA 2012"]
[Site "Leiden NED"]
[Date "2012.07.13"]
[Round "7.18"]
[White "Butkiewicz, Lukasz"]
[Black "Klop, Tjomme"]
[Result "1-0"]
[WhiteTitle "IM"]
[WhiteElo "2402"]
[BlackElo "2062"]
[WhiteFideId "1122428"]
[BlackFideId "1027115"]
[EventDate "2012.07.06"]

1. e4 e5 2. Nf3 Nc6 3. Nc3 Nf6 4. a3 Be7 5. d4 exd4 6. Nxd4 Nxd4 7. Qxd4 d6 8.
Be2 O-O 9. O-O Bd7 10. f4 Bc6 11. Bf3 Re8 12. Be3 Nd7 13. Qd2 Bf6 14. Bd4 Bxd4+
15. Qxd4 Qf6 16. Qd2 Nc5 17. Rae1 Rad8 18. g3 Ne6 19. Rd1 Nc5 20. Rfe1 a6 21. b3
g6 22. Bg2 Ne6 23. Kh1 Nc5 24. Re3 Rd7 25. Rde1 Rde7 26. R1e2 Ne6 27. e5 dxe5
28. Rxe5 Nf8 29. Rxe7 Rxe7 30. Rxe7 Qxe7 31. Bxc6 bxc6 32. a4 Qb4 33. Qe3 Qd6
34. Kg2 Ne6 35. Ne4 Qd1 36. Qd2 Qxd2+ 37. Nxd2 Nd4 38. c3 Ne6 39. Kf3 Kf8 40.
Ke3 Ke7 41. Kd3 f5 42. Kc4 Kd6 43. Nf3 c5 44. Ne5 Nd8 45. Nd3 Nb7 46. b4 cxb4
47. cxb4 Kc6 48. Ne5+ Kd6 49. b5 a5 50. Kd4 Ke6 51. Nc4 Ke7 52. Kd5 Kd7 53. Ne5+
Kc8 54. Nf7 Kd7 55. h4 Kc8 56. Kc6 h5 57. Ne5 Nd6 58. b6 1-0

[Event "6th LCT GpA 2012"]
[Site "Leiden NED"]
[Date "2012.07.13"]
[Round "7.19"]
[White "Borst, Filip"]
[Black "Van Overdam, Julian"]
[Result "0-1"]
[WhiteElo "2049"]
[BlackElo "2277"]
[WhiteFideId "1024647"]
[BlackFideId "1015303"]

1. e4 c5 2. Nf3 d6 3. d4 cxd4 4. Nxd4 Nf6 5. Nc3 e6 6. Be2 Nc6 7. Be3 Be7 8. O-O
O-O 9. f4 e5 10. Nxc6 bxc6 11. fxe5 dxe5 12. Kh1 Qa5 13. Qe1 Kh8 14. Qg3 Rb8 15.
Rab1 Be6 16. Bd3 Ng4 17. Bd2 Qc7 18. h3 Nf6 19. b3 Rfd8 20. Nd1 Nxe4 21. Bxe4
Rxd2 22. Ne3 Rd4 23. Nf5 Bxf5 24. Bxf5 g6 25. Bd3 f5 26. Rbd1 Bf6 27. Be2 Bh4 0-1

[Event "6th LCT GpA 2012"]
[Site "Leiden NED"]
[Date "2012.07.13"]
[Round "7.20"]
[White "Serdijn, Adinda"]
[Black "Spaan, Nathanael"]
[Result "1-0"]
[WhiteElo "2040"]
[BlackElo "2206"]
[WhiteFideId "1002740"]
[BlackFideId "1006118"]
[EventDate "2012.07.06"]

1. e4 c5 2. c3 d6 3. d4 Nf6 4. dxc5 Nc6 5. cxd6 Nxe4 6. Nf3 Nxd6 7. Bf4 e6 8.
Bd3 Be7 9. Qc2 h6 10. Nbd2 Bd7 11. O-O Qa5 12. Nb3 Qa4 13. Bg3 Na5 14. Rfe1 Bc6
15. Ne5 Bd5 16. Nxa5 Qxa5 17. c4 Rc8 18. Qe2 Bc6 19. a3 b5 20. Nxc6 Rxc6 21. c5
Nc4 22. b4 Qa4 23. Bc2 Qa6 24. a4 Bf6 25. axb5 Qxb5 26. Ba4 1-0

[Event "6th LCT GpA 2012"]
[Site "Leiden NED"]
[Date "2012.07.13"]
[Round "7.23"]
[White "Koenig, Dirk"]
[Black "Sparreboom, Wil"]
[Result "1-0"]
[WhiteElo "2065"]
[BlackElo "1964"]
[WhiteFideId "4636619"]
[BlackFideId "1003836"]
[EventDate "2012.07.06"]

1. e4 e6 2. d3 d5 3. Nd2 Nf6 4. g3 dxe4 5. dxe4 e5 6. Ngf3 Bg4 7. Bg2 Nbd7 8.
O-O c6 9. Qe2 Qc7 10. Nc4 b5 11. Ne3 Be6 12. Ng5 Nc5 13. c4 Bxc4 14. Nxc4 bxc4
15. Qxc4 h6 16. Nf3 Bd6 17. Nxe5 O-O 18. Nxc6 Ne6 19. Qb5 Nd7 20. Be3 a6 21. Qd5
Rac8 22. Rac1 Nf6 23. Qf5 Be7 24. e5 Nh7 25. Bd5 g6 26. Qd3 Kg7 27. Nxe7 Qxe7
28. Qxa6 Nc7 29. Qb7 Nxd5 30. Qxd5 Rfd8 31. Qe4 Qe6 32. a4 Ng5 33. Bxg5 hxg5 34.
Rxc8 Rxc8 35. Rd1 Qb3 36. Qd4 Rc4 37. Qd8 Qf3 38. Qf6+ Qxf6 39. exf6+ Kxf6 40.
b3 Rc3 41. Rd6+ Ke5 42. Rb6 g4 43. a5 Kd5 44. b4 Ra3 45. a6 f5 46. b5 Ke4 47.
Kg2 g5 48. Rb7 f4 49. gxf4 gxf4 50. a7 g3 51. hxg3 f3+ 52. Kh3 Kf5 53. g4+ Kf4
54. Rf7+ Kg5 55. b6 Ra4 56. Rf8 1-0

[Event "6th LCT GpA 2012"]
[Site "Leiden NED"]
[Date "2012.07.13"]
[Round "7.36"]
[White "Kevlishvili, Robby"]
[Black "Braggaar, Pim"]
[Result "1-0"]
[WhiteElo "1877"]
[BlackElo "2019"]
[WhiteFideId "1040634"]
[BlackFideId "1032321"]
[EventDate "2012.07.06"]

1. e4 e5 2. Nf3 Nc6 3. Bb5 Nd4 4. Nxd4 exd4 5. O-O Bc5 6. d3 c6 7. Bc4 d6 8. a3
Qe7 9. b4 Bb6 10. Nd2 Be6 11. Bb2 a6 12. Re1 f6 13. a4 Nh6 14. Bxe6 Qxe6 15. Nc4
Ba7 16. Bc1 Nf7 17. f4 O-O 18. Rf1 f5 19. exf5 Qxf5 20. Bd2 b5 21. Na5 Qd7 22.
Qf3 d5 23. Kh1 Bb6 24. Nb3 bxa4 25. Nc5 Bxc5 26. bxc5 Rab8 27. Qf2 Rb2 28. Bc1
Rb4 29. Ba3 Rfb8 30. Bxb4 Rxb4 31. Rfb1 Rb5 32. Qxd4 Qb7 33. Rd1 h6 34. Rxa4 a5
35. Qc3 Qa7 36. d4 Qc7 37. Qd2 h5 38. Rda1 Qb8 39. h3 Nh6 40. Qe3 Rb1+ 41. Kh2
Rxa1 42. Rxa1 Qd8 43. Rd1 Qh4 44. Qe8+ Kh7 45. g3 Qf6 46. Qe5 Qg6 47. Qe2 Nf5
48. Qd3 Qf6 49. c3 g6 50. Qe2 h4 51. g4 Ng7 52. Qe5 Qf7 53. Qg5 a4 54. Qxh4+ Kg8
55. Qf2 Qb7 56. f5 gxf5 57. gxf5 Qc7+ 58. Qg3 Qf7 59. Qg6 Qc7+ 60. Kh1 Qd7 61.
f6 Qxh3+ 62. Kg1 1-0

[Event "6th LCT GpA 2012"]
[Site "Leiden NED"]
[Date "2012.07.14"]
[Round "8.2"]
[White "Khenkin, Igor"]
[Black "Arun Prasad, S."]
[Result "1/2-1/2"]
[WhiteTitle "GM"]
[BlackTitle "GM"]
[WhiteElo "2669"]
[BlackElo "2518"]
[WhiteFideId "4659600"]
[BlackFideId "5011167"]
[EventDate "2012.07.06"]

1. d4 Nf6 2. c4 e6 3. Nf3 d5 4. e3 Be7 5. b3 O-O 6. Bd3 c5 7. O-O Nc6 8. Bb2
cxd4 9. exd4 b6 10. Nbd2 Bb7 11. Rc1 Rc8 12. Qe2 Re8 13. Rfd1 Bf8 14. Nf1 g6 15.
Ne3 Bg7 16. Ne5 dxc4 17. Bxc4 Re7 18. h3 Nd5 19. Nxd5 exd5 20. Ba6 Nxe5 21. dxe5
Rxc1 22. Rxc1 d4 23. Bxb7 Rxb7 24. Qe4 Rd7 25. e6 fxe6 26. Qxe6+ Kh8 27. Re1 Bf6
28. Qc4 Kg7 29. Qd3 Qg8 30. Re4 Qd5 31. g4 Rd6 32. a4 Re6 33. f4 Rd6 1/2-1/2

[Event "6th LCT GpA 2012"]
[Site "Leiden NED"]
[Date "2012.07.14"]
[Round "8.7"]
[White "Lalith, Babu M.R."]
[Black "Goudriaan, Etienne"]
[Result "1-0"]
[WhiteTitle "GM"]
[BlackTitle "FM"]
[WhiteElo "2529"]
[BlackElo "2375"]
[WhiteFideId "5024595"]
[BlackFideId "1021150"]
[EventDate "2012.07.06"]

1. c4 Nf6 2. g3 e6 3. Bg2 d5 4. Nf3 dxc4 5. Qa4+ Nbd7 6. Qxc4 a6 7. Qc2 c5 8.
O-O b6 9. d3 Bb7 10. e4 Be7 11. Nc3 O-O 12. Bf4 Rc8 13. Rad1 b5 14. Rfe1 Qb6 15.
h3 Rfd8 16. Be3 Qc7 17. Nd2 Ne5 18. Bf4 Nh5 19. Bxe5 Qxe5 20. Nf3 Qb8 21. e5 Qa8
22. Ne4 c4 23. d4 f5 24. exf6 Nxf6 25. Ne5 b4 26. Nxf6+ Bxf6 27. Bxb7 Qxb7 28.
Nxc4 Bxd4 29. Qe2 Qf7 30. b3 Rc5 31. Kg2 e5 32. f3 Rcd5 33. Rd3 h5 34. h4 Qg6
35. Rd2 Bc3 36. Rxd5 Rxd5 37. Rc1 Rd4 38. Nxe5 Qe6 39. Rc2 Kh8 40. Nc4 Qg6 41.
Kh2 Rd8 42. Qe4 Qxe4 43. fxe4 Kg8 44. Rf2 Rd4 45. Re2 Kf7 46. Kg2 Ke6 47. Kf3
Rd3+ 48. Kf4 g6 49. Rg2 Bf6 50. Rg1 Bd4 51. Rg2 Bf6 52. g4 Bxh4 53. gxh5 gxh5
54. Rg6+ Ke7 55. e5 Bf2 56. Nd6 h4 57. Nf5+ Kf7 58. Rc6 Bg3+ 59. Ke4 Rd1 60. e6+
Kf6 61. e7+ Kf7 62. Rc8 Re1+ 63. Kf3 Rf1+ 64. Kg4 Rf4+ 65. Kh3 Re4 66. Rf8+ Kg6
67. Nxg3 Rxe7 68. Kxh4 Rh7+ 69. Kg4 Rh2 70. Rb8 a5 71. Ne4 Rxa2 72. Nc5 Kf6 73.
Kf4 Ra3 74. Rb6+ Ke7 75. Ke5 Ra1 76. Kd5 Ra3 77. Kc4 1-0